000 00253nam a2200097Ia 4500
008 240331s9999 xx 000 0 und d
082 _bHEM
100 _aHemantha Kumara,N.V.G.A.
245 0 _aStree purusha samajabhawaya ha kantha ayithiwasikam
942 _cL
999 _c3538
_d3538